[Event "Ville d'Orsay online Blitz"]
[Site "Europe Echecs INT"]
[Date "2021.02.07"]
[Round "11"]
[White "Patte, Daphne"]
[Black "Le Poulain, Herve"]
[Result "0-1"]
[WhiteElo "1515"]
[BlackElo "1922"]
[PlyCount "116"]
[EventDate "2021.02.07"]
[EventType "swiss (blitz)"]
[EventRounds "11"]
[EventCountry "FRA"]
[SourceTitle "CBM 200 Extra"]
[Source "ChessBase"]
[SourceDate "2021.03.31"]
[SourceVersion "1"]
[SourceVersionDate "2021.03.31"]
[SourceQuality "1"]

1. e4 e6 2. Bc4 d5 3. exd5 exd5 4. Bb3 c6 5. d3 Nf6 6. Ne2 Bd6 7. 0-0 0-0 8. Bg5 Bg4 9. f3 Bh5 10. Nf4 Bg6 11. Nxg6 hxg6 12. f4 Nbd7 13. Nd2 Qc7 14. Qf3 Rfe8 15. Rae1 Nh5 16. Rxe8+ Rxe8 17. d4 f6 18. Bh4 Nxf4 19. Ne4 g5 20. Nxd6 Qxd6 21. Be1 Re2 22. Bf2 Qe6 23. c3 Nf8 24. Bd1 Rxb2 25. Be3 N8g6 26. Bf2 Qe4 27. Qg4 Qe7 28. Bf3 Qe6 29. Qxe6+ Nxe6 30. g3 Nc7 31. Re1 Kf7 32. Bh5 Nb5 33. Bxg6+ Kxg6 34. Re7 Nxc3 35. a3 Ne4 36. Be3 Re2 37. Bxg5 fxg5 38. Rxb7 Rd2 39. Rxa7 Rxd4 40. a4 Rc4 41. a5 d4 42. a6 Ra4 43. Ra8 c5 44. a7 d3 45. Rd8 d2 46. a8Q Rxa8 47. Rxa8 d1Q+ 48. Kg2 Qd2+ 49. Kf3 Nc3 50. Ra6+ Kh7 51. g4 Qd4 52. Rb6 Nd5 53. Rc6 c4 54. h4 gxh4 55. g5 c3 56. g6+ Kh6 57. Rd6 c2 58. Rc6 Nc3 0-1

[Event "Trophee Roza Lallemand Online"]
[Site "Tornelo INT"]
[Date "2020.12.13"]
[Round "2"]
[White "Fischer, Julie"]
[Black "Patte, Daphne"]
[Result "1-0"]
[WhiteElo "2071"]
[BlackElo "1515"]
[PlyCount "145"]
[EventDate "2020.12.13"]
[EventType "swiss (rapid)"]
[EventRounds "9"]
[EventCountry "USA"]
[SourceTitle "EXT 2022"]
[Source "ChessBase"]
[SourceDate "2021.10.06"]
[SourceVersion "1"]
[SourceVersionDate "2021.10.06"]
[SourceQuality "1"]

1. e4 e5 2. Nf3 Nc6 3. d4 exd4 4. Nxd4 Bc5 5. Be3 Bb6 6. Nf5 Qf6 7. Bxb6 axb6 8. Nc3 Nge7 9. Bd3 0-0 10. 0-0 d6 11. Nxe7+ Qxe7 12. f4 f5 13. Nd5 Qd8 14. exf5 Bxf5 15. Bxf5 Rxf5 16. Qd3 Rf7 17. a3 Ne7 18. Rae1 Nxd5 19. Qxd5 c6 20. Qe6 Qf6 21. Qb3 b5 22. Kh1 d5 23. Re2 Raf8 24. Qb4 Qf5 25. g3 h6 26. Rfe1 Qg4 27. Re3 h5 28. Qd2 h4 29. Qe2 Qxe2 30. R1xe2 hxg3 31. hxg3 Rf6 32. Kg2 g6 33. Kh3 Kg7 34. Kg4 R8f7 35. Re8 Rf5 36. R2e6 d4 37. Rd8 c5 38. Rb6 c4 39. Rxd4 Kh6 40. Rdd6 Kg7 41. Rxg6+ Kf8 42. Rgd6 Ke7 43. Rd4 Kf8 44. Rd8+ Kg7 45. Rb8 R5f6 46. R8xb7 Rxb6 47. Rxb6 Rc7 48. Rxb5 Rc6 49. c3 Kf6 50. a4 Ke6 51. a5 Kd7 52. Rb7+ Kc8 53. Rb4 Kc7 54. f5 Kd7 55. Rb6 Rc5 56. a6 Kc7 57. Rb4 Kd6 58. a7 Ra5 59. Rb7 Kc6 60. Rf7 Kd6 61. Kg5 Ke5 62. g4 Kd6 63. Kg6 Ke5 64. g5 Kd6 65. f6 Ke5 66. Re7+ Kf4 67. f7 Rxg5+ 68. Kh7 Rh5+ 69. Kg8 Rg5+ 70. Kf8 Ra5 71. Rb7 Ke4 72. Ke8 Rc5 73. a8Q 1-0